Formula 1 Vocabulary Click Quiz - Statistics

General Stats
  • This quiz has been taken 66 times
  • The average score is 16 of 26
Answer Stats
Hint Answer % Correct
Motor generator units that capture waste heat energy from the turbocharger and waste kinetic energy from the braking system, store it and use it to boost the car’s performance. energy recovery system
78%
The circuit area behind the pit lane and garages where teams have their motorhomes, transporters and equipment. paddock
78%
A driver running towards the back of the race, who may be more than a lap behind other drivers. backmarker
76%
The section of the chassis where the driver sits. cockpit
76%
A horseshoe-shaped safety structure formed of an elevated titanium bar around the cockpit. halo
76%
A tire’s loss of performance or grip over time. degradation
73%
A marked section on the track where the cars line up to take the start of the race, starting positions having been determined during Qualifying. grid
73%
A motor racing track. circuit
69%
The middle point of the inside line of a corner. Drivers aim to hit this point to maximise speed and efficiency through the turn. apex
64%
A tight sequence of corners in alternating directions, usually added to a circuit to slow down the cars, especially before what was previously a high-speed corner. chicane
64%
The aerodynamic resistance encountered by a car as it moves forward. drag
64%
A bed of rock fragments located on the outside of corners designed to slow down and stop cars that go off the circuit. gravel trap
64%
A car’s responsiveness to driver input and its ability to navigate corners effectively. handling
64%
A sign attached to a stick held in front of the car during a pit stop. It informs the driver to apply the brakes and engage first gear before the car is lowered from its jacks. lollipop
64%
Contact between a car’s chassis and the track surface, usually during sharp compressions when the suspension reaches its lowest point. bottoming
62%
Small pieces of tire rubber that accumulate on the side of the track. marbles
62%
The main structure of a racing car to which the engine and suspension are attached. chassis
60%
A heavily worn area on a tire, usually caused by extreme braking or spinning. flat spot
58%
The angle at which a tire leans into or away from the car relative to the vertical axis. camber
56%
The ability of a car to transfer its power onto the track surface for forward motion. traction
56%
Weight strategically placed around the car to optimize balance and ensure the car meets the minimum weight requirement. ballast
51%
A metal crash barrier used at various places around a circuit. Armco
42%
A synthetic fibre combined with epoxy resin to create a strong, lightweight composite material used in the construction of F1 cars. Kevlar
42%
The softening and breaking away in chunks of tire rubber due to overheating. blistering
40%
A fire-resistant artificial fiber used to make drivers’ race overalls, underwear, gloves, and boots for added safety in case of fire. Nomex
33%
A synthetic material with strong anti-penetration properties, used to strengthen drivers’ helmets and the sides of the cockpit for added safety. Zylon
20%
No matching quizzes found
Score Distribution
Percent of People with Each Score
Percentile by Number Answered
Your Score History
You have not taken this quiz